Riconosci il Pokémon - Quiz n°566 - Statistics

Statistiche generali
  • Questo quiz è stato fatto 0 volte
  • Il punteggio medio è 0 su 10
Statistiche sulle risposte
Indizio Risposta % Corretto
Altezza 1,3 m
0%
Sesso 25% ♂, 75% ♀
0%
Tasso di cattura 25 (7.7%)
0%
Peso 40,0 kg
0%
Pokémon Clefable
0%
Tipo Folletto
0%
Abilità Incantevole; Magicscudo; Imprudenza
0%
Generazione Prima
0%
Stadio evoluzione Seconda evoluzione
0%
Tasso di allevamento Veloce
0%
Nessun quiz corrispondente trovato
Distribuzione punteggi
Percentuale di utenti per punteggio
Percentile per numero di risposta
I tuoi punteggi nel tempo
Non hai fatto questo quiz